Normal view MARC view
  • Muhammad Asad.

Entry Personal Name

Number of records used in: 15

001 - CONTROL NUMBER

  • control field: 322

003 - CONTROL NUMBER IDENTIFIER

  • control field: NUST

005 - DATE AND TIME OF LATEST TRANSACTION

  • control field: 20170510164503.0

008 - FIXED-LENGTH DATA ELEMENTS

  • fixed length control field: 170510|| aca||aabn | a|a d

040 ## - CATALOGING SOURCE

  • Original cataloging agency: NUST
  • Transcribing agency: NUST

100 ## - HEADING--PERSONAL NAME

  • Personal name: Muhammad Asad.

670 ## - SOURCE DATA FOUND

  • Source citation: Work cat.: (NUST)23621: Muhammad Asad., The principles of state and Government in Islam, c2007
© 2023 Central Library, National University of Sciences and Technology. All Rights Reserved.